000
00288nam a22001337a 4500
008
170307b xxu||||| |||| 00| 0 eng d
020
_a
9780721643052
041
_a
eng
080
_2
6 ED
_a
611
100
_a
6
101
_a
SHM
245
_a
MUSCLE TESTING
_c
HISLOP.H.J
942
_2
udc
_c
BK
999
_c
7041
_d
7041